Central Library OPAC University of Rajshahi
Normal view MARC view

Entry Topical Term

Number of records used in: 2

001 - CONTROL NUMBER

  • control field: 2800

003 - CONTROL NUMBER IDENTIFIER

  • control field: BD-RjUL

005 - DATE AND TIME OF LATEST TRANSACTION

  • control field: 20220508132432.0

008 - FIXED-LENGTH DATA ELEMENTS

  • fixed length control field: 220508|| aca||aabn | a|a d

040 ## - CATALOGING SOURCE

  • Original cataloging agency: BD-RjUL
  • Transcribing agency: BD-RjUL

150 ## - HEADING--TOPICAL TERM

  • Topical term or geographic name entry element: Environmental degradation
  • General subdivision: Social aspects
  • Geographic subdivision: Bangladesh
  • Geographic subdivision: Chapai Nawabganj District

670 ## - SOURCE DATA FOUND

  • Source citation: Work cat.: (BD-RjUL)79399: Rashid, A. N. M. Bazlur 1392, Socio-environmental Rearrangement of the Riverbank Erosion Displacees in Bangladesh :, 2009